Engineering mechanic (Record no. 5)
[ view plain ]
| 000 -LEADER | |
|---|---|
| Fixed length control field | 00627nam a22002297a 4500 |
| 003 - CONTROL NUMBER IDENTIFIER | |
| Control field | SEACOMEC |
| 005 - DATE AND TIME OF LATEST TRANSACTION | |
| Control field | 20230928090003.0 |
| 008 - FIXED-LENGTH DATA ELEMENTS--GENERAL INFORMATION | |
| Fixed length control field | 230928b |||||||| |||| 00| 0 eng d |
| 020 ## - INTERNATIONAL STANDARD BOOK NUMBER / ISBN | |
| Price | Rs.350.00 |
| 040 ## - CATALOGING SOURCE | |
| Original cataloging agency | SEACOMEC |
| 082 ## - DEWEY DECIMAL CLASSIFICATION NUMBER | |
| Classification number | 620.1 |
| Book Number | RAJ |
| 100 ## - MAIN ENTRY--PERSONAL NAME | |
| Personal name | Rajasekhara, S. |
| 245 ## - TITLE STATEMENT | |
| Title | Engineering mechanic |
| Sub title | Statics and dynamics |
| Statement of responsibility | S. Rajasekhara,and G. Shankarasubhramanian |
| 250 ## - EDITION STATEMENT | |
| Edition statement | 3rd ed |
| 260 ## - IMPRINT | |
| Place of publication | New Delhi |
| Name of publisher | Vikash |
| Date of publication | 2006 |
| 650 ## - SUBJECT ADDED ENTRY--TOPICAL TERM | |
| Topical term | Engineering |
| 650 ## - SUBJECT ADDED ENTRY--TOPICAL TERM | |
| Topical term | Engineering mechanic |
| 650 ## - SUBJECT ADDED ENTRY--TOPICAL TERM | |
| Topical term | Engineering statics |
| 650 ## - SUBJECT ADDED ENTRY--TOPICAL TERM | |
| Topical term | Engineering dynamics |
| 700 ## - ADDED ENTRY--PERSONAL NAME | |
| Personal name | Shankarasubhramanian, G. |
| 942 ## - ADDED ENTRY ELEMENTS (KOHA) | |
| Koha item type | Books |
| Withdrawn status | Lost status | Source of classification | Damaged status | Not for loan | Home library | Current library | Date acquired | Total Checkouts | Call number | Accession number | Date last seen | Price effective from | Koha item type | Copy number |
|---|---|---|---|---|---|---|---|---|---|---|---|---|---|---|
| Dewey Decimal Classification | SEACOM ENGINEERING COLLEGE | SEACOM ENGINEERING COLLEGE | 28/09/2023 | 620.1 RAJ | 03508 | 28/09/2023 | 28/09/2023 | Books | ||||||
| Dewey Decimal Classification | SEACOM ENGINEERING COLLEGE | SEACOM ENGINEERING COLLEGE | 28/09/2023 | 620.1 RAJ | 03509 | 28/09/2023 | 28/09/2023 | Books | 1 | |||||
| Dewey Decimal Classification | SEACOM ENGINEERING COLLEGE | SEACOM ENGINEERING COLLEGE | 28/09/2023 | 620.1 RAJ | 03510 | 28/09/2023 | 28/09/2023 | Books | 2 | |||||
| Dewey Decimal Classification | SEACOM ENGINEERING COLLEGE | SEACOM ENGINEERING COLLEGE | 28/09/2023 | 620.1 RAJ | 03511 | 28/09/2023 | 28/09/2023 | Books | 3 | |||||
| Dewey Decimal Classification | SEACOM ENGINEERING COLLEGE | SEACOM ENGINEERING COLLEGE | 28/09/2023 | 620.1 RAJ | 03512 | 28/09/2023 | 28/09/2023 | Books | 4 | |||||
| Dewey Decimal Classification | SEACOM ENGINEERING COLLEGE | SEACOM ENGINEERING COLLEGE | 28/09/2023 | 620.1 RAJ | 03513 | 28/09/2023 | 28/09/2023 | Books | 5 | |||||
| Dewey Decimal Classification | SEACOM ENGINEERING COLLEGE | SEACOM ENGINEERING COLLEGE | 28/09/2023 | 620.1 RAJ | 03514 | 28/09/2023 | 28/09/2023 | Books | 6 | |||||
| Dewey Decimal Classification | SEACOM ENGINEERING COLLEGE | SEACOM ENGINEERING COLLEGE | 28/09/2023 | 620.1 RAJ | 03515 | 28/09/2023 | 28/09/2023 | Books | 7 | |||||
| Dewey Decimal Classification | SEACOM ENGINEERING COLLEGE | SEACOM ENGINEERING COLLEGE | 28/09/2023 | 620.1 RAJ | 03516 | 28/09/2023 | 28/09/2023 | Books | 8 | |||||
| Dewey Decimal Classification | SEACOM ENGINEERING COLLEGE | SEACOM ENGINEERING COLLEGE | 28/09/2023 | 620.1 RAJ | 03517 | 28/09/2023 | 28/09/2023 | Books | 9 |
